000 00595nam a2200217Ia 4500
001 3876
003 GE_BSU
008 181216s||||||||xx |||||||||||||| ||und||
040 _cGE_BSU
080 _a519.6(075.8)
100 _aБерезин,И.С. Жидков,Н.П.
245 _aМетоды вычислений.Том 1.
245 _bУчебн. пособ.
245 _cРед.Б.М.Будак, А.Д.Горбунов
250 _aизд. 2-е.
260 _aМ.
260 _c1962.
300 _a463стр.22см.
653 _aМетоды вычислений.
942 _cBK
999 _c37898
_d37898